BAC-IT-AP (Basic and Advanced Computer Application) training of Tanay Municipal Employees: It's Effect to their job performance / (Record no. 72929)

MARC details
000 -LEADER
fixed length control field 01209nam a22002897i 4500
003 - CONTROL NUMBER IDENTIFIER
control field URS
005 - DATE AND TIME OF LATEST TRANSACTION
control field 20240412231309.0
008 - FIXED-LENGTH DATA ELEMENTS--GENERAL INFORMATION
fixed length control field 170113b xxu||||| |||| 00| 0 eng d
050 14 - LIBRARY OF CONGRESS CALL NUMBER
Classification number QA76.9.C64
Item number R7331 2016
245 10 - TITLE STATEMENT
Title BAC-IT-AP (Basic and Advanced Computer Application) training of Tanay Municipal Employees: It's Effect to their job performance /
Statement of responsibility, etc. Maria Kristina S. Ross, Maricar R. Figueroa, Avelina C. Galayan, Jocelyn O. Barbosa
260 #1 - PUBLICATION, DISTRIBUTION, ETC.
Date of publication, distribution, etc. 2016.
300 ## - PHYSICAL DESCRIPTION
Extent XV 74 Leaves
Other physical details illuistrations
Dimensions 28 cm
336 ## - CONTENT TYPE
Source rdacontent
Content type term text
337 ## - MEDIA TYPE
Source rdamedia
Media type term unmediated
338 ## - CARRIER TYPE
Source rdacarrier
Carrier type term volume
502 ## - DISSERTATION NOTE
Dissertation note Feasibility Study
Degree type Bachelor of Science in Business Administration
Name of granting institution University of Rizal System-Tanay
Year degree granted 2016
504 ## - BIBLIOGRAPHY, ETC. NOTE
Bibliography, etc. note Includes bibliographical references
650 #0 - SUBJECT ADDED ENTRY--TOPICAL TERM
Topical term or geographic name entry element Computer literacy
650 #0 - SUBJECT ADDED ENTRY--TOPICAL TERM
Topical term or geographic name entry element Computer-assisted instruction
700 1# - ADDED ENTRY--PERSONAL NAME
Personal name Ross, Maria Kristina S.
Relator term author
700 1# - ADDED ENTRY--PERSONAL NAME
Personal name Figueroa, Maricar R.
Relator term author
700 1# - ADDED ENTRY--PERSONAL NAME
Personal name Galayan, Avelina C.
Relator term author
700 1# - ADDED ENTRY--PERSONAL NAME
Personal name Barbosa, Jocelyn O.
Relator term author
700 1# - ADDED ENTRY--PERSONAL NAME
Personal name Cadion, Esmeralda P.
Relator term adviser
856 ## - ELECTRONIC LOCATION AND ACCESS
Materials specified Online Request for Student Unpublished Works
Uniform Resource Identifier <a href="https://forms.gle/7LqvGGkaDrUQqz429">https://forms.gle/7LqvGGkaDrUQqz429</a>
942 ## - ADDED ENTRY ELEMENTS (KOHA)
Source of classification or shelving scheme Library of Congress Classification
Koha item type Theses and dissertations

No items available.

University of Rizal System
Email us at univlibservices@urs.edu.ph

Visit our Website www.urs.edu.ph/library